Biblographie von Japan 1927 - 1929 : Mit erganzungen fur die jahre 1906 - 1926
Сохранить в:
| Главный автор: | |
|---|---|
| Формат: | |
| Язык: | Undetermined |
| Опубликовано: |
Stuttgart
Anton Hiersemann
1970
|
| Предметы: | |
| Метки: |
Добавить метку
Нет меток, Требуется 1-ая метка записи!
|
| Thư viện lưu trữ: | Trung tâm Học liệu Trường Đại học Cần Thơ |
|---|
| LEADER | 00648nam a2200217Ia 4500 | ||
|---|---|---|---|
| 001 | CTU_104767 | ||
| 008 | 210402s9999 xx 000 0 und d | ||
| 082 | |a 025.42 | ||
| 082 | |b N123/Ban.III | ||
| 100 | |a Nachod, Oskar | ||
| 245 | 0 | |a Biblographie von Japan 1927 - 1929 : | |
| 245 | 0 | |b Mit erganzungen fur die jahre 1906 - 1926 | |
| 245 | 0 | |c Oskar Nachod | |
| 260 | |a Stuttgart | ||
| 260 | |b Anton Hiersemann | ||
| 260 | |c 1970 | ||
| 650 | |a Classification,Classification,Phân loại,Phân loại | ||
| 650 | |x Books,Sách | ||
| 650 | |z Japan,Nhật Bản | ||
| 904 | |i Truc | ||
| 980 | |a Trung tâm Học liệu Trường Đại học Cần Thơ | ||